Más instrumentos y metas más amplias para el desarrollo (Registro nro. 31563)

Detalles MARC
000 -LEADER
fixed length control field 00343 a2200109 4500
001 - CONTROL NUMBER
control field ART_30877
005 - DATE AND TIME OF LATEST TRANSACTION
control field 20260410162004.0
008 - FIXED-LENGTH DATA ELEMENTS--GENERAL INFORMATION
fixed length control field 260409a
100 1# - MAIN ENTRY--PERSONAL NAME
Personal name Stiglitz, Joseph E.
245 10 - TITLE STATEMENT
Title Más instrumentos y metas más amplias para el desarrollo
773 0# - HOST ITEM ENTRY
Title Instituciones y desarrollo
Related parts - Nº 1 (oct. 1998)
Record control number REV30868

No hay ítems disponibles.